[Event "Deutsche Ländermeisterschaft 2018"]
[Site "Würzburg GER"]
[Date "2018.10.03"]
[Round "2"]
[White "Roseneck, Jonas"]
[Black "Svane, Frederik"]
[Result "0-1"]
[Termination "normal"]
[Board "3.3"]
[WhiteElo "2262"]
[BlackElo "2287"]
[WhiteClock "00:02:38"]
[BlackClock "00:15:01"]
[WhiteTeam "Sachsen-Anhalt"]
[BlackTeam "Schleswig-Holstein"]
[PlyCount "106"]
[WhiteFideId "12939870"]
[BlackFideId "12923044"]
[EventCountry "GER"]
[EventRounds "7"]
[EventType "team-swiss"]
[EventDate "2018.10.02"]

1. e4 {[%clk 1:30:56]} c5 {[%clk 1:30:27]} 2. Nf3 {[%clk 1:31:22]} e6 {[%clk
1:30:49]} 3. d4 {[%clk 1:31:50]} cxd4 {[%clk 1:31:10]} 4. Nxd4 {[%clk 1:32:14]}
a6 {[%clk 1:31:33]} 5. Bd3 {[%clk 1:32:41]} Nf6 {[%clk 1:31:52]} 6. O-O {[%clk
1:33:06]} Qc7 {[%clk 1:32:13]} 7. Qe2 {[%clk 1:33:31]} d6 {[%clk 1:32:37]} 8.
c4 {[%clk 1:33:56]} g6 {[%clk 1:32:44]} 9. Nc3 {[%clk 1:34:01]} Bg7 {[%clk
1:33:06]} 10. Nf3 {[%clk 1:33:57]} Nc6 {[%clk 1:33:27]} 11. Rd1 {[%clk
1:33:58]} O-O {[%clk 1:32:13]} 12. h3 {[%clk 1:34:24]} Nd7 {[%clk 1:32:07]} 13.
Be3 {[%clk 1:34:49]} Bxc3 {[%clk 1:28:15]} 14. bxc3 {[%clk 1:35:17]} f6 {[%clk
1:28:22]} 15. Nh2 {[%clk 1:35:43]} Nce5 {[%clk 1:26:36]} 16. Bc2 {[%clk
0:41:20]} Qxc4 {[%clk 1:08:11]} 17. Qd2 {[%clk 0:37:49]} Qc7 {[%clk 1:04:00]}
18. Qxd6 {[%clk 0:24:06]} Qxd6 {[%clk 1:04:20]} 19. Rxd6 {[%clk 0:24:33]} Nc4
{[%clk 0:59:56]} 20. Rd3 {[%clk 0:24:44]} Nde5 {[%clk 0:59:33]} 21. Bc5 {[%clk
0:25:06]} Nxd3 {[%clk 0:58:39]} 22. Bxf8 {[%clk 0:21:00]} Kxf8 {[%clk 0:51:04]}
23. Bxd3 {[%clk 0:21:22]} Ne5 {[%clk 0:51:25]} 24. Be2 {[%clk 0:21:15]} Bd7
{[%clk 0:51:33]} 25. f4 {[%clk 0:18:44]} Nf7 {[%clk 0:51:42]} 26. Kf2 {[%clk
0:19:10]} Rc8 {[%clk 0:52:06]} 27. Ng4 {[%clk 0:12:10]} Ke7 {[%clk 0:52:09]}
28. Rd1 {[%clk 0:11:39]} f5 {[%clk 0:45:26]} 29. exf5 {[%clk 0:09:19]} gxf5
{[%clk 0:45:47]} 30. Ne3 {[%clk 0:09:18]} Rxc3 {[%clk 0:44:20]} 31. g4 {[%clk
0:09:34]} Nd6 {[%clk 0:39:24]} 32. Bd3 {[%clk 0:09:16]} Ne4+ {[%clk 0:36:47]}
33. Bxe4 {[%clk 0:09:07]} fxe4 {[%clk 0:37:12]} 34. Rd2 {[%clk 0:07:26]} Bc6
{[%clk 0:36:40]} 35. h4 {[%clk 0:07:36]} Rc1 {[%clk 0:26:40]} 36. h5 {[%clk
0:07:06]} a5 {[%clk 0:22:54]} 37. Rc2 {[%clk 0:04:13]} Rxc2+ {[%clk 0:16:54]}
38. Nxc2 {[%clk 0:04:31]} Bd5 {[%clk 0:17:18]} 39. a3 {[%clk 0:04:52]} Bb3
{[%clk 0:17:44]} 40. Ne3 {[%clk 0:03:50]} b5 {[%clk 0:17:18]} 41. Ke1 {[%clk
0:04:16]} e5 {[%clk 0:13:47]} 42. fxe5 {[%clk 0:16:35]} Ke6 {[%clk 0:44:05]}
43. g5 {[%clk 0:16:44]} Kxe5 {[%clk 0:43:10]} 44. g6 {[%clk 0:16:03]} hxg6
{[%clk 0:42:33]} 45. hxg6 {[%clk 0:16:24]} Kf6 {[%clk 0:31:05]} 46. Kd2 {[%clk
0:16:21]} Kxg6 {[%clk 0:23:19]} 47. Kc3 {[%clk 0:16:40]} Ba2 {[%clk 0:21:08]}
48. Kd4 {[%clk 0:05:21]} Bb1 {[%clk 0:21:21]} 49. Nf1 {[%clk 0:04:15]} Kf5
{[%clk 0:21:04]} 50. Nd2 {[%clk 0:04:34]} Bc2 {[%clk 0:17:05]} 51. a4 {[%clk
0:03:16]} b4 {[%clk 0:16:53]} 52. Ke3 {[%clk 0:03:34]} Ke5 {[%clk 0:14:42]} 53.
Nc4+ {[%clk 0:02:38]} Kd5 {[%clk 0:15:01]} 0-1

[Event "Deutsche Ländermeisterschaft 2018"]
[Site "Würzburg GER"]
[Date "2018.10.03"]
[Round "2"]
[White "Gschnitzer, Adrian"]
[Black "Herbrig, Alexander"]
[Result "1-0"]
[Termination "normal"]
[Board "5.1"]
[WhiteElo "2353"]
[BlackElo "2277"]
[WhiteClock "00:04:37"]
[BlackClock "00:08:06"]
[WhiteTeam "Baden 1"]
[BlackTeam "Sachsen 2"]
[PlyCount "113"]
[WhiteFideId "1270337"]
[BlackFideId "12952044"]
[EventCountry "GER"]
[EventRounds "7"]
[EventType "team-swiss"]
[EventDate "2018.10.02"]

1. e4 {[%clk 1:30:58]} c5 {[%clk 1:30:55]} 2. Nf3 {[%clk 1:31:22]} Nf6 {[%clk
1:31:20]} 3. Nc3 {[%clk 1:31:44]} d5 {[%clk 1:30:50]} 4. exd5 {[%clk 1:30:56]}
Nxd5 {[%clk 1:31:04]} 5. Bb5+ {[%clk 1:31:13]} Bd7 {[%clk 1:31:25]} 6. Ne5
{[%clk 1:30:35]} Bxb5 {[%clk 1:21:14]} 7. Qf3 {[%clk 1:28:38]} f6 {[%clk
1:19:50]} 8. Nxb5 {[%clk 1:28:34]} fxe5 {[%clk 1:19:02]} 9. Qxd5 {[%clk
1:28:46]} Qxd5 {[%clk 1:19:30]} 10. Nc7+ {[%clk 1:29:06]} Kd7 {[%clk 1:18:47]}
11. Nxd5 {[%clk 1:29:33]} Kc6 {[%clk 1:18:50]} 12. Ne3 {[%clk 1:28:18]} g6
{[%clk 1:15:15]} 13. b3 {[%clk 1:27:37]} Bg7 {[%clk 1:15:37]} 14. Bb2 {[%clk
1:27:32]} Nd7 {[%clk 1:15:37]} 15. O-O-O {[%clk 1:26:08]} Rhf8 {[%clk 1:12:21]}
16. f3 {[%clk 1:26:11]} b5 {[%clk 1:11:50]} 17. Rde1 {[%clk 1:22:57]} h5 {[%clk
1:09:52]} 18. Nd1 {[%clk 1:12:31]} a5 {[%clk 1:00:51]} 19. Re4 {[%clk 1:08:46]}
Rf7 {[%clk 0:54:56]} 20. Rhe1 {[%clk 1:06:12]} a4 {[%clk 0:45:42]} 21. bxa4
{[%clk 1:02:00]} b4 {[%clk 0:40:50]} 22. Nf2 {[%clk 0:48:05]} Rxa4 {[%clk
0:35:40]} 23. Kb1 {[%clk 0:35:52]} Nb6 {[%clk 0:20:13]} 24. Bxe5 {[%clk
0:26:36]} Bxe5 {[%clk 0:19:08]} 25. Rxe5 {[%clk 0:27:01]} Nc4 {[%clk 0:17:55]}
26. Nd3 {[%clk 0:19:23]} Ra5 {[%clk 0:15:03]} 27. Re6+ {[%clk 0:12:34]} Kd5
{[%clk 0:09:22]} 28. Rxg6 {[%clk 0:12:15]} Nxd2+ {[%clk 0:09:23]} 29. Kc1
{[%clk 0:12:33]} Nc4 {[%clk 0:09:30]} 30. Rg5+ {[%clk 0:12:24]} Kd6 {[%clk
0:09:39]} 31. Re4 {[%clk 0:11:29]} Nb6 {[%clk 0:09:31]} 32. Nxb4 {[%clk
0:07:58]} Ra4 {[%clk 0:09:12]} 33. Nd3 {[%clk 0:05:04]} Rxe4 {[%clk 0:08:50]}
34. fxe4 {[%clk 0:05:19]} c4 {[%clk 0:09:07]} 35. Rg6+ {[%clk 0:04:35]} e6
{[%clk 0:09:05]} 36. Ne1 {[%clk 0:04:15]} Rf4 {[%clk 0:09:13]} 37. e5+ {[%clk
0:03:12]} Kxe5 {[%clk 0:09:33]} 38. Nf3+ {[%clk 0:03:32]} Kd5 {[%clk 0:08:35]}
39. Rh6 {[%clk 0:01:12]} Rf5 {[%clk 0:08:35]} 40. Kd2 {[%clk 0:01:24]} Na4
{[%clk 0:07:10]} 41. Ke3 {[%clk 0:27:49]} Nc3 {[%clk 0:30:12]} 42. a3 {[%clk
0:27:17]} Nd1+ {[%clk 0:28:29]} 43. Kd2 {[%clk 0:26:44]} Nf2 {[%clk 0:28:49]}
44. a4 {[%clk 0:25:49]} e5 {[%clk 0:25:17]} 45. Rb6 {[%clk 0:21:19]} Ne4+
{[%clk 0:23:56]} 46. Ke3 {[%clk 0:20:41]} Nd6 {[%clk 0:24:19]} 47. Rb8 {[%clk
0:16:02]} c3 {[%clk 0:18:12]} 48. Rd8 {[%clk 0:11:54]} Kc5 {[%clk 0:17:30]} 49.
g3 {[%clk 0:07:40]} e4 {[%clk 0:14:58]} 50. Nd4 {[%clk 0:06:56]} Rf1 {[%clk
0:14:40]} 51. Nb3+ {[%clk 0:05:57]} Kc6 {[%clk 0:12:55]} 52. Rh8 {[%clk
0:05:33]} Nf5+ {[%clk 0:07:49]} 53. Kxe4 {[%clk 0:05:21]} Ng7 {[%clk 0:07:07]}
54. Rh6+ {[%clk 0:04:33]} Kd7 {[%clk 0:07:31]} 55. Rh7 {[%clk 0:04:41]} Rf7
{[%clk 0:07:57]} 56. Nd4 {[%clk 0:04:29]} Re7+ {[%clk 0:08:06]} 57. Kd3 {[%clk
0:04:37]} 1-0

[Event "Deutsche Ländermeisterschaft 2018"]
[Site "Würzburg GER"]
[Date "2018.10.03"]
[Round "2"]
[White "Burian, Simon"]
[Black "Färber, David"]
[Result "0-1"]
[Termination "normal"]
[Board "5.2"]
[WhiteElo "2091"]
[BlackElo "2291"]
[WhiteClock "00:34:44"]
[BlackClock "00:05:44"]
[WhiteTeam "Sachsen 2"]
[BlackTeam "Baden 1"]
[PlyCount "119"]
[WhiteFideId "12956902"]
[BlackFideId "12971294"]
[EventCountry "GER"]
[EventRounds "7"]
[EventType "team-swiss"]
[EventDate "2018.10.02"]

1. e4 {[%clk 1:30:56]} c6 {[%clk 1:30:34]} 2. d4 {[%clk 1:31:06]} d5 {[%clk
1:30:56]} 3. Nc3 {[%clk 1:31:14]} dxe4 {[%clk 1:27:46]} 4. Nxe4 {[%clk
1:30:15]} Bf5 {[%clk 1:27:14]} 5. Ng3 {[%clk 1:30:02]} Bg6 {[%clk 1:27:30]} 6.
h4 {[%clk 1:29:50]} h6 {[%clk 1:27:51]} 7. Nf3 {[%clk 1:29:39]} e6 {[%clk
1:28:07]} 8. Ne5 {[%clk 1:28:35]} Bh7 {[%clk 1:26:54]} 9. Bd3 {[%clk 1:27:20]}
Bxd3 {[%clk 1:27:08]} 10. Qxd3 {[%clk 1:27:44]} Nd7 {[%clk 1:27:22]} 11. Qe2
{[%clk 1:25:40]} Ngf6 {[%clk 1:11:15]} 12. Bd2 {[%clk 1:23:50]} Bd6 {[%clk
1:07:56]} 13. O-O-O {[%clk 1:20:36]} Qc7 {[%clk 1:01:27]} 14. f4 O-O {[%clk
1:00:10]} 15. Nf1 {[%clk 1:10:15]} c5 {[%clk 0:47:12]} 16. dxc5 {[%clk
1:06:48]} Bxe5 {[%clk 0:40:38]} 17. fxe5 {[%clk 1:07:06]} Qxe5 {[%clk 0:38:19]}
18. Qxe5 {[%clk 1:04:06]} Nxe5 {[%clk 0:38:32]} 19. Bc3 {[%clk 1:03:32]} Neg4
{[%clk 0:37:50]} 20. Rd4 {[%clk 1:01:40]} Rfc8 {[%clk 0:32:04]} 21. Bb4 {[%clk
0:55:58]} Nf2 {[%clk 0:25:35]} 22. Rg1 {[%clk 0:54:42]} N2e4 {[%clk 0:21:28]}
23. Rc4 {[%clk 0:49:51]} b5 {[%clk 0:19:54]} 24. Rd4 {[%clk 0:49:56]} a5 {[%clk
0:18:52]} 25. Be1 {[%clk 0:48:40]} h5 {[%clk 0:18:34]} 26. Ng3 {[%clk 0:47:05]}
Nxg3 {[%clk 0:17:52]} 27. Bxg3 {[%clk 0:47:27]} Rxc5 {[%clk 0:18:03]} 28. Rgd1
{[%clk 0:44:53]} Nd5 {[%clk 0:16:52]} 29. Bf2 {[%clk 0:44:19]} Rac8 {[%clk
0:15:51]} 30. R1d2 {[%clk 0:44:34]} Kh7 {[%clk 0:12:10]} 31. Kd1 {[%clk
0:40:29]} Rc4 {[%clk 0:11:04]} 32. c3 {[%clk 0:39:29]} Kg6 {[%clk 0:08:39]} 33.
R2d3 {[%clk 0:34:36]} f6 {[%clk 0:07:28]} 34. Kd2 {[%clk 0:30:06]} Kf7 {[%clk
0:05:53]} 35. Bg3 {[%clk 0:26:21]} R8c6 {[%clk 0:04:46]} 36. Bh2 {[%clk
0:23:23]} b4 {[%clk 0:03:24]} 37. Rxc4 {[%clk 0:21:31]} Rxc4 {[%clk 0:03:47]}
38. Rd4 {[%clk 0:21:35]} bxc3+ {[%clk 0:03:15]} 39. bxc3 {[%clk 0:21:58]} Rxd4+
{[%clk 0:03:22]} 40. cxd4 {[%clk 0:22:19]} Ke7 {[%clk 0:03:39]} 41. a3 {[%clk
0:21:42]} Kd7 {[%clk 0:02:37]} 42. Kd3 {[%clk 0:21:11]} Kc6 {[%clk 0:02:10]}
43. Bg3 {[%clk 0:19:16]} Nb6 {[%clk 0:23:50]} 44. Bb8 {[%clk 0:45:21]} g6
{[%clk 0:18:26]} 45. Bf4 {[%clk 0:43:38]} a4 {[%clk 0:15:48]} 46. Bb8 {[%clk
0:42:07]} Kd5 {[%clk 0:12:54]} 47. Bf4 {[%clk 0:38:43]} Nc4 {[%clk 0:11:23]}
48. Bc1 {[%clk 0:38:29]} Nd6 {[%clk 0:10:42]} 49. Kc3 {[%clk 0:36:31]} Nf5
{[%clk 0:09:23]} 50. Kb4 {[%clk 0:35:17]} Nxh4 {[%clk 0:09:17]} 51. g3 {[%clk
0:35:29]} Nf5 {[%clk 0:09:23]} 52. Bf4 {[%clk 0:35:45]} Kxd4 {[%clk 0:07:12]}
53. Kxa4 {[%clk 0:35:29]} e5 {[%clk 0:06:17]} 54. Bd2 {[%clk 0:35:52]} Nxg3
{[%clk 0:03:58]} 55. Kb5 {[%clk 0:35:46]} Ne4 {[%clk 0:04:19]} 56. a4 {[%clk
0:33:36]} Nxd2 {[%clk 0:04:30]} 57. a5 {[%clk 0:33:58]} Nc4 {[%clk 0:04:53]}
58. a6 {[%clk 0:34:24]} Nd6+ {[%clk 0:05:19]} 59. Kc6 {[%clk 0:34:40]} Nc8
{[%clk 0:05:44]} 60. Kb7 {[%clk 0:34:44]} 0-1

[Event "Deutsche Ländermeisterschaft 2018"]
[Site "Würzburg GER"]
[Date "2018.10.03"]
[Round "2"]
[White "Arnhold, Steffi"]
[Black "Mütsch, Annmarie"]
[Result "0-1"]
[Termination "normal"]
[Board "5.4"]
[WhiteElo "1955"]
[BlackElo "2194"]
[WhiteClock "00:10:00"]
[BlackClock "00:15:05"]
[WhiteTeam "Sachsen 2"]
[BlackTeam "Baden 1"]
[PlyCount "124"]
[WhiteFideId "12931365"]
[BlackFideId "12971367"]
[EventCountry "GER"]
[EventRounds "7"]
[EventType "team-swiss"]
[EventDate "2018.10.02"]

1. e4 {[%clk 1:30:56]} c5 {[%clk 1:30:53]} 2. Nf3 {[%clk 1:31:18]} e6 {[%clk
1:31:16]} 3. d4 {[%clk 1:31:30]} cxd4 {[%clk 1:31:41]} 4. Nxd4 {[%clk 1:31:49]}
Nc6 {[%clk 1:32:05]} 5. Nb3 {[%clk 1:30:42]} Qc7 {[%clk 1:30:21]} 6. Bd3 {[%clk
1:29:56]} Nf6 {[%clk 1:29:56]} 7. Nc3 {[%clk 1:29:15]} a6 {[%clk 1:30:12]} 8.
O-O {[%clk 1:25:51]} Be7 {[%clk 1:25:06]} 9. f4 {[%clk 1:22:39]} d6 {[%clk
1:24:35]} 10. Kh1 {[%clk 1:21:53]} h5 {[%clk 1:23:29]} 11. Bd2 {[%clk 1:16:08]}
Bd7 {[%clk 1:16:44]} 12. Qe2 {[%clk 1:13:32]} Ng4 {[%clk 1:07:50]} 13. Rae1
{[%clk 1:01:29]} Bf6 {[%clk 1:01:48]} 14. h3 {[%clk 0:44:37]} Nd4 {[%clk
0:55:51]} 15. Nxd4 {[%clk 0:41:36]} Bxd4 {[%clk 0:56:15]} 16. f5 {[%clk
0:32:14]} Qb6 {[%clk 0:52:01]} 17. fxe6 {[%clk 0:27:16]} fxe6 {[%clk 0:51:42]}
18. Bg5 {[%clk 0:23:07]} Nf6 {[%clk 0:36:18]} 19. Nd1 {[%clk 0:17:28]} O-O-O
{[%clk 0:34:41]} 20. c3 {[%clk 0:16:38]} Be5 {[%clk 0:35:00]} 21. Ne3 {[%clk
0:16:45]} Bg3 {[%clk 0:33:28]} 22. Rd1 {[%clk 0:16:33]} Qc5 {[%clk 0:30:37]}
23. Bxf6 {[%clk 0:14:13]} gxf6 {[%clk 0:31:00]} 24. b4 {[%clk 0:12:14]} Qg5
{[%clk 0:30:13]} 25. Bxa6 {[%clk 0:09:44]} Kb8 {[%clk 0:27:19]} 26. Bd3 {[%clk
0:08:27]} Rdg8 {[%clk 0:25:04]} 27. b5 {[%clk 0:06:57]} Rg7 {[%clk 0:22:22]}
28. Rf3 {[%clk 0:05:59]} Rhg8 {[%clk 0:21:41]} 29. Qf1 {[%clk 0:06:08]} Be5
{[%clk 0:20:27]} 30. Rc1 {[%clk 0:05:12]} Be8 {[%clk 0:16:28]} 31. Rc2 {[%clk
0:04:27]} Rf8 {[%clk 0:08:55]} 32. a4 {[%clk 0:04:23]} Bg3 {[%clk 0:08:27]} 33.
a5 {[%clk 0:04:15]} h4 {[%clk 0:07:02]} 34. a6 {[%clk 0:03:50]} b6 {[%clk
0:07:04]} 35. Nc4 {[%clk 0:03:41]} Qc5 {[%clk 0:04:32]} 36. Ne3 {[%clk
0:02:19]} Bh5 {[%clk 0:03:37]} 37. Rxf6 {[%clk 0:02:09]} Rxf6 {[%clk 0:00:56]}
38. Qxf6 {[%clk 0:02:27]} Rf7 {[%clk 0:00:45]} 39. Qd8+ {[%clk 0:01:18]} Ka7
{[%clk 0:01:02]} 40. Nc4 {[%clk 0:00:38]} d5 {[%clk 0:00:43]} 41. exd5 {[%clk
0:18:57]} exd5 {[%clk 0:30:31]} 42. Nxb6 {[%clk 0:15:19]} Qxb6 {[%clk 0:30:22]}
43. Qxd5 {[%clk 0:15:31]} Qe3 {[%clk 0:13:26]} 44. Qd4+ {[%clk 0:09:03]} Qxd4
{[%clk 0:13:49]} 45. cxd4 {[%clk 0:09:25]} Bg6 {[%clk 0:12:18]} 46. b6+ {[%clk
0:08:43]} Kxb6 {[%clk 0:12:40]} 47. Rb2+ {[%clk 0:09:04]} Ka7 {[%clk 0:13:03]}
48. Bc4 {[%clk 0:08:21]} Rc7 {[%clk 0:11:12]} 49. Rb7+ {[%clk 0:07:37]} Rxb7
{[%clk 0:11:37]} 50. axb7 {[%clk 0:08:03]} Kxb7 {[%clk 0:11:21]} 51. Bd5+
{[%clk 0:07:17]} Kc7 {[%clk 0:11:45]} 52. Kg1 {[%clk 0:07:39]} Kd6 {[%clk
0:11:56]} 53. Bf3 {[%clk 0:07:53]} Bd3 {[%clk 0:12:15]} 54. d5 {[%clk 0:08:10]}
Bc4 {[%clk 0:12:16]} 55. Kh1 {[%clk 0:08:26]} Bxd5 {[%clk 0:12:37]} 56. Bxd5
{[%clk 0:08:34]} Kxd5 {[%clk 0:13:01]} 57. Kg1 {[%clk 0:08:54]} Ke4 {[%clk
0:13:24]} 58. Kh1 {[%clk 0:08:39]} Ke3 {[%clk 0:13:50]} 59. Kg1 {[%clk
0:09:01]} Ke2 {[%clk 0:14:16]} 60. Kh1 {[%clk 0:09:25]} Bf2 {[%clk 0:14:17]}
61. Kh2 {[%clk 0:09:41]} Kf1 {[%clk 0:14:41]} 62. Kh1 {[%clk 0:10:00]} Bg1
{[%clk 0:15:05]} 0-1

[Event "Deutsche Ländermeisterschaft 2018"]
[Site "Würzburg GER"]
[Date "2018.10.03"]
[Round "2"]
[White "Richter, Leonard"]
[Black "Riehle, Marco"]
[Result "0-1"]
[Termination "normal"]
[Board "6.1"]
[BlackTitle "FM"]
[WhiteElo "2322"]
[BlackElo "2265"]
[WhiteClock "00:10:57"]
[BlackClock "00:29:17"]
[WhiteTeam "Sachsen 1"]
[BlackTeam "Baden 2"]
[PlyCount "146"]
[WhiteFideId "12900290"]
[BlackFideId "12904392"]
[EventCountry "GER"]
[EventRounds "7"]
[EventType "team-swiss"]
[EventDate "2018.10.02"]

1. e4 {[%clk 1:30:57]} e5 {[%clk 1:30:31]} 2. Nf3 {[%clk 1:31:19]} Nf6 {[%clk
1:29:57]} 3. Nc3 {[%clk 1:31:35]} Nc6 {[%clk 1:29:58]} 4. Bb5 {[%clk 1:31:52]}
Bc5 {[%clk 1:28:04]} 5. O-O {[%clk 1:29:46]} O-O {[%clk 1:25:33]} 6. Nxe5
{[%clk 1:24:32]} Nxe5 {[%clk 1:24:10]} 7. d4 {[%clk 1:24:47]} Bd6 {[%clk
1:24:17]} 8. f4 {[%clk 1:21:51]} Neg4 {[%clk 1:24:05]} 9. e5 {[%clk 1:21:01]}
Bb4 {[%clk 1:22:35]} 10. exf6 {[%clk 1:15:00]} Nxf6 {[%clk 1:22:57]} 11. f5
{[%clk 1:08:53]} c6 {[%clk 1:15:22]} 12. Bd3 {[%clk 1:08:45]} Qb6 {[%clk
1:12:50]} 13. Ne2 {[%clk 1:06:33]} d5 {[%clk 1:07:45]} 14. c3 {[%clk 1:04:49]}
Bd6 {[%clk 1:05:43]} 15. Qe1 {[%clk 0:59:11]} Re8 {[%clk 0:56:55]} 16. Qh4
{[%clk 0:49:31]} c5 {[%clk 0:50:40]} 17. dxc5 {[%clk 0:41:58]} Bxc5+ {[%clk
0:49:13]} 18. Kh1 {[%clk 0:42:22]} Be3 {[%clk 0:47:43]} 19. b3 {[%clk 0:23:34]}
Bxc1 {[%clk 0:39:59]} 20. Raxc1 {[%clk 0:23:56]} Bd7 {[%clk 0:35:33]} 21. Nd4
{[%clk 0:22:14]} Re3 {[%clk 0:32:15]} 22. Rf3 {[%clk 0:20:50]} Rae8 {[%clk
0:29:15]} 23. Qg3 {[%clk 0:18:56]} Rxf3 {[%clk 0:26:26]} 24. Qxf3 {[%clk
0:17:09]} Ne4 {[%clk 0:25:48]} 25. Bxe4 {[%clk 0:15:33]} dxe4 {[%clk 0:25:48]}
26. Qe3 {[%clk 0:15:49]} h6 {[%clk 0:20:47]} 27. Rf1 {[%clk 0:14:49]} Qa5
{[%clk 0:19:09]} 28. h4 {[%clk 0:12:29]} f6 {[%clk 0:16:55]} 29. Rf2 {[%clk
0:09:01]} Rc8 {[%clk 0:13:13]} 30. Qxe4 {[%clk 0:05:45]} Qxc3 {[%clk 0:12:24]}
31. Kh2 {[%clk 0:03:46]} Qc7+ {[%clk 0:11:09]} 32. g3 {[%clk 0:03:57]} Qe5
{[%clk 0:09:38]} 33. Re2 {[%clk 0:03:11]} Qxe4 {[%clk 0:09:22]} 34. Rxe4 {[%clk
0:03:38]} Kf7 {[%clk 0:09:31]} 35. Kg2 {[%clk 0:03:16]} Rc5 {[%clk 0:07:18]}
36. g4 {[%clk 0:03:24]} h5 {[%clk 0:06:05]} 37. Ne6 {[%clk 0:01:21]} Bxe6
{[%clk 0:05:45]} 38. fxe6+ {[%clk 0:01:47]} Ke7 {[%clk 0:06:13]} 39. gxh5
{[%clk 0:01:50]} Rxh5 {[%clk 0:05:10]} 40. Kg3 {[%clk 0:01:12]} Rc5 {[%clk
0:01:56]} 41. Ra4 {[%clk 0:19:52]} a6 {[%clk 0:31:24]} 42. Rb4 {[%clk 0:20:15]}
b5 {[%clk 0:31:22]} 43. Re4 {[%clk 0:17:47]} Re5 {[%clk 0:31:23]} 44. Rg4
{[%clk 0:18:07]} g5 {[%clk 0:31:42]} 45. Kf3 {[%clk 0:18:13]} Kxe6 {[%clk
0:31:21]} 46. hxg5 {[%clk 0:18:39]} fxg5 {[%clk 0:31:46]} 47. a4 {[%clk
0:18:44]} Kf5 {[%clk 0:31:43]} 48. Rb4 {[%clk 0:18:11]} Rd5 {[%clk 0:30:13]}
49. axb5 {[%clk 0:17:34]} Rxb5 {[%clk 0:30:20]} 50. Ra4 {[%clk 0:18:01]} Rxb3+
{[%clk 0:30:27]} 51. Kf2 {[%clk 0:18:14]} Rb6 {[%clk 0:30:03]} 52. Kf3 {[%clk
0:17:51]} g4+ {[%clk 0:30:09]} 53. Kg3 {[%clk 0:18:11]} Rg6 {[%clk 0:30:34]}
54. Rb4 {[%clk 0:14:14]} Ke5 {[%clk 0:30:54]} 55. Rb8 {[%clk 0:14:21]} Kd4
{[%clk 0:26:48]} 56. Ra8 {[%clk 0:14:29]} Kc4 {[%clk 0:27:05]} 57. Ra7 {[%clk
0:14:33]} Kb5 {[%clk 0:27:29]} 58. Rb7+ {[%clk 0:14:23]} Ka4 {[%clk 0:27:53]}
59. Re7 {[%clk 0:13:32]} a5 {[%clk 0:27:27]} 60. Re4+ {[%clk 0:13:48]} Kb5
{[%clk 0:27:47]} 61. Re5+ {[%clk 0:14:12]} Kb6 {[%clk 0:26:45]} 62. Re4 {[%clk
0:14:37]} Ka6 {[%clk 0:26:44]} 63. Re5 {[%clk 0:10:42]} a4 {[%clk 0:25:33]} 64.
Re4 {[%clk 0:10:24]} Kb5 {[%clk 0:25:56]} 65. Re5+ {[%clk 0:10:50]} Kb4 {[%clk
0:26:18]} 66. Re4+ {[%clk 0:11:15]} Kb3 {[%clk 0:26:44]} 67. Re3+ {[%clk
0:11:36]} Kc2 {[%clk 0:27:07]} 68. Re2+ {[%clk 0:11:56]} Kd3 {[%clk 0:27:18]}
69. Ra2 {[%clk 0:12:21]} Ra6 {[%clk 0:27:45]} 70. Kxg4 {[%clk 0:12:14]} a3
{[%clk 0:28:04]} 71. Kf4 {[%clk 0:10:36]} Kc3 {[%clk 0:28:27]} 72. Ke4 {[%clk
0:10:47]} Kb3 {[%clk 0:28:52]} 73. Rd2 {[%clk 0:10:57]} a2 {[%clk 0:29:17]} 0-1

[Event "Deutsche Ländermeisterschaft 2018"]
[Site "Würzburg GER"]
[Date "2018.10.03"]
[Round "2"]
[White "Wu, Luka"]
[Black "Nguyen, Alex Dac-Vuong"]
[Result "1-0"]
[Termination "normal"]
[Board "6.4"]
[WhiteElo "2001"]
[BlackElo "2240"]
[WhiteClock "00:07:14"]
[BlackClock "00:04:32"]
[WhiteTeam "Baden 2"]
[BlackTeam "Sachsen 1"]
[PlyCount "115"]
[WhiteFideId "12977420"]
[BlackFideId "12984388"]
[EventCountry "GER"]
[EventRounds "7"]
[EventType "team-swiss"]
[EventDate "2018.10.02"]

1. e4 {[%clk 1:30:58]} e6 {[%clk 1:30:54]} 2. d4 {[%clk 1:31:21]} d5 {[%clk
1:31:16]} 3. Nc3 {[%clk 1:31:46]} Nf6 {[%clk 1:31:37]} 4. e5 {[%clk 1:32:07]}
Nfd7 {[%clk 1:32:01]} 5. f4 {[%clk 1:32:27]} c5 {[%clk 1:32:26]} 6. Nf3 {[%clk
1:32:51]} Nc6 {[%clk 1:32:47]} 7. Be3 {[%clk 1:32:57]} Be7 {[%clk 1:32:32]} 8.
Qd2 {[%clk 1:32:01]} O-O {[%clk 1:32:14]} 9. dxc5 {[%clk 1:28:34]} Bxc5 {[%clk
1:32:22]} 10. O-O-O {[%clk 1:28:44]} Qa5 {[%clk 1:32:38]} 11. a3 {[%clk
1:28:52]} Rd8 {[%clk 1:25:30]} 12. Bxc5 {[%clk 1:26:05]} Nxc5 {[%clk 1:25:25]}
13. Qe3 {[%clk 1:25:37]} Qb6 {[%clk 1:00:50]} 14. Nd4 {[%clk 1:25:39]} Ne7
{[%clk 0:58:05]} 15. g4 {[%clk 1:20:44]} Bd7 {[%clk 0:54:15]} 16. h4 {[%clk
1:18:25]} Rac8 {[%clk 0:50:42]} 17. Bh3 {[%clk 1:12:17]} Ne4 {[%clk 0:36:37]}
18. Nxe4 {[%clk 1:05:10]} dxe4 {[%clk 0:37:03]} 19. Bg2 {[%clk 0:56:25]} Bc6
{[%clk 0:22:59]} 20. Rhf1 {[%clk 0:46:33]} Nd5 {[%clk 0:21:44]} 21. Qg1 {[%clk
0:46:34]} e3 {[%clk 0:14:54]} 22. Bxd5 {[%clk 0:35:32]} Rxd5 {[%clk 0:14:56]}
23. Qxe3 {[%clk 0:35:43]} Ba4 {[%clk 0:15:06]} 24. Rd2 {[%clk 0:35:56]} Rc4
{[%clk 0:12:07]} 25. c3 {[%clk 0:33:40]} Qc5 {[%clk 0:04:45]} 26. Kb1 {[%clk
0:28:29]} a5 {[%clk 0:04:27]} 27. Rc1 {[%clk 0:25:40]} b5 {[%clk 0:02:32]} 28.
Ka2 {[%clk 0:17:44]} b4 {[%clk 0:02:55]} 29. cxb4 {[%clk 0:17:52]} axb4 {[%clk
0:03:20]} 30. axb4 {[%clk 0:14:03]} Qxb4 {[%clk 0:00:46]} 31. Rxc4 {[%clk
0:14:17]} Qxc4+ {[%clk 0:01:11]} 32. b3 {[%clk 0:14:41]} Qb4 {[%clk 0:01:37]}
33. bxa4 {[%clk 0:14:04]} Ra5 {[%clk 0:02:04]} 34. Nb3 {[%clk 0:07:12]} Qxa4+
{[%clk 0:02:21]} 35. Kb2 {[%clk 0:07:36]} Qa3+ {[%clk 0:02:08]} 36. Kc3 {[%clk
0:07:49]} Ra8 {[%clk 0:01:38]} 37. Qc5 {[%clk 0:07:45]} Qa4 {[%clk 0:01:32]}
38. Rd4 {[%clk 0:06:56]} Qe8 {[%clk 0:01:54]} 39. Rc4 {[%clk 0:06:34]} h6
{[%clk 0:00:39]} 40. Kd3 {[%clk 0:05:13]} Qd8+ {[%clk 0:00:57]} 41. Ke4 {[%clk
0:15:58]} Qxh4 {[%clk 0:31:13]} 42. Qg1 {[%clk 0:15:30]} Qh3 {[%clk 0:31:07]}
43. Qd1 {[%clk 0:14:26]} Rb8 {[%clk 0:27:22]} 44. Nd4 {[%clk 0:13:19]} Rb2
{[%clk 0:26:57]} 45. Rc2 {[%clk 0:12:28]} Rb4 {[%clk 0:26:33]} 46. Rd2 {[%clk
0:12:19]} Qc3 {[%clk 0:22:45]} 47. Rd3 {[%clk 0:12:07]} Qc5 {[%clk 0:21:30]}
48. Kf3 {[%clk 0:11:16]} Rb2 {[%clk 0:20:58]} 49. Kg3 {[%clk 0:09:57]} Ra2
{[%clk 0:17:41]} 50. Ne2 {[%clk 0:10:06]} g5 {[%clk 0:16:39]} 51. Nd4 {[%clk
0:08:56]} gxf4+ {[%clk 0:07:30]} 52. Kxf4 {[%clk 0:08:55]} Qe7 {[%clk 0:07:54]}
53. Nf3 {[%clk 0:08:45]} Ra7 {[%clk 0:07:27]} 54. Kg3 {[%clk 0:08:16]} Kg7
{[%clk 0:07:39]} 55. Qd2 {[%clk 0:08:13]} Ra4 {[%clk 0:07:04]} 56. Rd7 {[%clk
0:07:56]} Qc5 {[%clk 0:05:29]} 57. Rxf7+ {[%clk 0:06:50]} Kxf7 {[%clk 0:04:32]}
58. Qd7+ {[%clk 0:07:14]} 1-0